Loreto College Library, Kolkata
WEBOPAC (ONLINE PUBLIC ACCESS CATALOGUE)

Coalition politics in India (Record no. 39510)

MARC details
000 -LEADER
fixed length control field 00666nam a22002297a 4500
005 - DATE AND TIME OF LATEST TRANSACTION
control field 20141112153351.0
008 - FIXED-LENGTH DATA ELEMENTS--GENERAL INFORMATION
fixed length control field 141010b xxu||||| |||| 00| 0 eng d
020 ## - ISBN | অাই এস বি এন
ISBN | অাই এস বি এন 019809857X
PRICE 295.00
040 ## - CATALOGING SOURCE
Original cataloging agency Loreto College
041 ## - LANGUAGE CODE
Language code English
082 ## - DDC | ডিউই
Classification number | বর্গসংখ্যা 324.2
Book Number | গ্রন্থাঙ্ক CHA
100 ## - MAIN ENTRY--PERSONAL NAME | মুখ্য সংলেখ - ব্যাক্তিনাম
Personal name | ব্যাক্তিনাম Chakrabarty,Bidyut
245 ## - TITLE STATEMENT | অাখ্যা বিবরণী
Title | অাখ্যা Coalition politics in India
Statement of responsibility | লেখকের দায়িত্বের বিবরণ Bidyut Chakrabarty
260 ## - IMPRINT | প্রকাশনা ক্ষেত্র
Place of publication | প্রকাশ স্থান New Delhi
Name of publisher | প্রকাশকের নাম Oxford University Press
Date of publication | প্রকাশ কাল 2014
300 ## - PHYSICAL DESCRIPTION |
Page / Vol. No | পৃষ্ঠা / খন্ড সংখ্যা xxix,213p
Other physical details | অনান্য বাহ্যিক বিবরণ 22cm.
440 ## - SERIES STATEMENT |গ্রন্থমালা
Series Title | গ্রন্থমালা অাখ্যা Oxford India short introductions
504 ## - BIBLIOGRAPHY, ETC. NOTE
Bibliography, etc Includes bibliographical references and index
650 ## - SUBJECT ADDED ENTRY--TOPICAL TERM | বিষয় শিরোনাম - মূল বিষয়
Topical term | মূল বিষয় India-Political parties
650 ## - SUBJECT ADDED ENTRY--TOPICAL TERM | বিষয় শিরোনাম - মূল বিষয়
Topical term | মূল বিষয় India-Politics
850 ## - HOLDING INSTITUTION
Holding institution LCLIB
942 ## - ADDED ENTRY ELEMENTS (KOHA)
Koha item type Books
Holdings
Withdrawn status Lost status Source of classification Damaged status Not for loan Home library Current library Date acquired Price Total Checkouts Full call number Accession No. Date last seen Date checked out Price effective from Koha item type
    Dewey Decimal Classification     Loreto College Loreto College 10/10/2014 295.00 1 324.2 CHA 50916 43024 21/02/2022 15/02/2022 10/10/2014 Books